00415pab a2200133 454500008004000000100002000040245009600060260000900156300001300165362000800178650004100186650002800227773002600255180718b2000 xxu||||| |||| 00| 0 eng d aKawadia, Ganesh aProductivity growth in the agricultural economy of Madhya Pradesh: a decomposition analysis c2000 ap.137-42 aApr aAgriculture - India - Madhya Pradesh aAgricultural production aAsian Economic Review